Basic Installer study guide/ (Record no. 10013)
[ view plain ]
| 000 -LEADER | |
|---|---|
| fixed length control field | 00521nam a2200157 4500 |
| 008 - FIXED-LENGTH DATA ELEMENTS--GENERAL INFORMATION | |
| fixed length control field | 151123b xxu||||| |||| 00| 0 eng d |
| 050 ## - LIBRARY OF CONGRESS CALL NUMBER | |
| Classification number | TK 3301.B37 2000 |
| 100 ## - MAIN ENTRY--PERSONAL NAME | |
| Personal name | Consumer Electronics Association. |
| Dates associated with a name | 2000 |
| 245 ## - TITLE STATEMENT | |
| Title | Basic Installer study guide/ |
| Statement of responsibility, etc. | Consumer Electronics Association. |
| 260 ## - PUBLICATION, DISTRIBUTION, ETC. (IMPRINT) | |
| Place of publication, distribution, etc. | Virginia; |
| Name of publisher, distributor, etc. | MECP, |
| Date of publication, distribution, etc. | 2000. |
| 300 ## - PHYSICAL DESCRIPTION | |
| Extent | 226 p. :ill. |
| 650 ## - SUBJECT ADDED ENTRY--TOPICAL TERM | |
| Topical term or geographic name as entry element | Mobile communication system. |
| 650 ## - SUBJECT ADDED ENTRY--TOPICAL TERM | |
| Topical term or geographic name as entry element | Electric wiring. |
| 650 ## - SUBJECT ADDED ENTRY--TOPICAL TERM | |
| Topical term or geographic name as entry element | Electric cables. |
| 942 ## - ADDED ENTRY ELEMENTS (KOHA) | |
| Source of classification or shelving scheme | |
| Koha item type | Hard Covered Materials |
| Classification part | TK 3301.B37 2000 |
| Withdrawn status | Lost status | Source of classification or shelving scheme | Damaged status | Not for loan | Home library | Current library | Date acquired | Source of acquisition | Total Checkouts | Full call number | Barcode | Date last seen | Price effective from | Koha item type |
|---|---|---|---|---|---|---|---|---|---|---|---|---|---|---|
| MACHAKOS UNIVERSITY LIBRARY | MACHAKOS UNIVERSITY LIBRARY | 23/11/2015 | Donation (B.F.A) | TK 3301.B37 2000 | 17293 | 23/11/2015 | 23/11/2015 | Hard Covered Materials |